Modely nákladov a cien Praktikum

Gespeichert in:
Bibliographische Detailangaben
1. Verfasser: Zajac, Jaroslav
Körperschaft: Vysoká škola ekonomická v Bratislave. Národohospodárska fakulta
Format: Buch
Sprache:Slowakisch
Veröffentlicht: Bratislava VŠE 1988
Ausgabe:1. vyd.
Tags: Tag hinzufügen
Keine Tags, Fügen Sie das erste Tag hinzu!

MARC

LEADER 00000nam a2200000 4500
001 c026142
005 20221219091817.1
041 0 |a slo 
044 |a SK 
245 1 0 |a Modely nákladov a cien  |b Praktikum  |c Jaroslav Zajac 
250 |a 1. vyd. 
264 1 |a Bratislava  |b VŠE  |c 1988 
300 |a 237 s. 
100 1 |a Zajac, Jaroslav 
710 2 |a Vysoká škola ekonomická v Bratislave. Národohospodárska fakulta